00246nam a2200097Ia 4500008004100000100002700041245002300068260002700091300000800118650002200126190216s9999||||xx |||||||||||||| ||und|| aNarayana Pisharoty K P 0aSwapnavasavadattam bThe Geetha Pressc1969 a87p aMalayalam Nadakam